Pokémon - Les attaques de Flambusard - Statistiques

Statistiques générales
  • Ce quiz a été pris 19 fois
  • Le résultat moyen est 12 sur 16
Statistiques - réponses
Niveaux Types Noms des attaques % Correct
Niveau 83 Vol Rapace
100%
Départ Normal Rugissement
100%
Départ Feu Boutefeu
92%
Départ Feu Flammèche
92%
Départ Vol Picpic
92%
Niveau 38 Vol Aéropique
85%
Niveau 56 Acier Ailes d'Acier
85%
Niveau 65 Vol Atterrissage
85%
Départ Feu Nitrocharge
85%
Niveau 47 Vol Vent Arrière
85%
Niveau 29 Psy Hâte
77%
Départ Normal Vive-Attaque
77%
Niveau 74 Vol Vol
69%
Niveau 22 Vol Acrobatie
54%
Niveau 15 Normal Gigotage
31%
Départ Normal Ruse
15%
Aucun quiz correspondant
Distribution des résultats
% des personnes avec chaque résultat
Percentile par nombre de réponses
Votre historique - résultats
Vous n’avez pas pris ce quiz